000 00768nam a2200229Ii 4500
003 JO-AjNU
008 230605s9999||||xx |||||||||||||| ||und||
017 _a2019/7/3810
020 _a978-9957-18-735-4
040 _aJO-AjNU
_bara
_erda
_cJO-AjNU
041 _aara
050 1 4 _aPJ8412 2020
100 3 _aصاحب، أسماء محمد,
_eauthor
_960686
245 0 0 _aالنثر الفني الأندلسي في البلاط الحفصي
250 _aط1
264 3 1 _aعمان: دار المناهج للنشر، 2020
300 _a162ص
_bيحتوي على مصادر ومراجع
336 _atext
_btxt
_2rdacontent
337 _aunmediated
_bn
_2rdamedia
338 _avolume
_bnc
_2rdacarrier
650 4 _aالنثر الفني- الاندلس
_960687
999 _aA27379
_c30947
_d30947